Advanced marine structures / (Record no. 3118)
[ view plain ]
| 000 -LEADER | |
|---|---|
| fixed length control field | 01093cam a2200289Ii 4500 |
| 008 - FIXED-LENGTH DATA ELEMENTS--GENERAL INFORMATION | |
| fixed length control field | 180331t20162016flua ob 001 0 eng d |
| 020 ## - INTERNATIONAL STANDARD BOOK NUMBER | |
| International Standard Book Number | 9780429069567 |
| Qualifying information | (e-book : PDF) |
| 020 ## - INTERNATIONAL STANDARD BOOK NUMBER | |
| Qualifying information | (hardback) |
| 040 ## - CATALOGING SOURCE | |
| Original cataloging agency | IMU Kochi Library |
| Language of cataloging | eng |
| 041 0# - LANGUAGE CODE | |
| Language code of text/sound track or separate title | eng |
| 082 04 - DEWEY DECIMAL CLASSIFICATION NUMBER | |
| Classification number | 627.98 |
| Item number | C456 |
| 100 1# - MAIN ENTRY--PERSONAL NAME | |
| Personal name | Chandrasekaran, Srinivas, |
| Dates associated with a name | 1964, |
| 245 10 - TITLE STATEMENT | |
| Title | Advanced marine structures / |
| 300 ## - PHYSICAL DESCRIPTION | |
| Extent | 1 online resource |
| 504 ## - BIBLIOGRAPHY, ETC. NOTE | |
| Bibliography, etc | Includes bibliographical references (pages 193-198) and index. |
| 505 0# - FORMATTED CONTENTS NOTE | |
| Formatted contents note | chapter 1. Offshore structures and environmental Loads -- chapter 2. Ultimate load design -- chapter 3. Fluid-structure interaction -- chapter 4. Reliability of marine structures -- chapter 5. Fatigue and fracture. |
| 650 #0 - SUBJECT ADDED ENTRY--TOPICAL TERM | |
| Topical term or geographic name as entry element | Offshore structures. |
| 852 ## - LOCATION/CALL NUMBER | |
| Location | IMU Kochi Library |
| 856 40 - ELECTRONIC LOCATION AND ACCESS | |
| Uniform Resource Identifier | <a href="https://www.taylorfrancis.com/books/9781498739702">https://www.taylorfrancis.com/books/9781498739702</a> |
| Public note | Click here to view. |
| 904 ## - LOCAL DATA ELEMENT D, LDD (RLIN) | |
| CATALOGER | Rudra Ranjan |
| 905 ## - LOCAL DATA ELEMENT E, LDE (RLIN) | |
| VERIFIER | Rudra Ranjan |
| 942 ## - ADDED ENTRY ELEMENTS (KOHA) | |
| Item type | E-Book |
| 264 #1 - | |
| -- | Boca Raton : |
| -- | CRC Press, |
| -- | [2016] |
| 264 #4 - | |
| -- | ©2016 |
No items available.